Beer Brands by Partial Logo - Statistics

General Stats
  • This quiz has been taken 299 times
    292 since last reset
  • The average score is 13 of 24
Answer Stats
Picture Answer % Correct
Corona
98%
Heineken
97%
Budweiser
90%
Guinness
89%
Stella Artois
80%
Coors
77%
Beck's
65%
San Miguel
63%
Carlsberg
61%
Miller
61%
Peroni
61%
Foster's
56%
Asahi
55%
Red Stripe
51%
Leffe
48%
Sol
48%
Birra Moretti
45%
Tiger
39%
Tsingtao
36%
Madri
30%
Tennent's
26%
Cobra
24%
Estrella Damm
24%
Kingfisher
18%
No matching quizzes found
Score Distribution
Percent of People with Each Score
Percentile by Number Answered
Your Score History
You have not taken this quiz since the last reset